书目信息 |
| 题名: |
当代西方哲学思潮
|
|
| 作者: | 韩毅 著 | |
| 分册: | ||
| 出版信息: | 北京 海军出版社 1988.3 |
|
| 页数: | 272页 | |
| 开本: | 19cm | |
| 丛书名: | ||
| 单 册: | ||
| 中图分类: | B505 | |
| 科图分类: | ||
| 主题词: | 哲学--欧洲--现代 | |
| 电子资源: | ||
| ISBN: | 7-5070-0014-1 | |
| 000 | 00584nam0 2200217 45 | |
| 001 | 0189028803 | |
| 005 | 20050527083447.8 | |
| 010 | @a7-5070-0014-1@dCNY2.20 | |
| 020 | @aCN@b89028803 | |
| 100 | @a19911017d1988 m y0chiy0120 ea | |
| 101 | 0 | @achi |
| 102 | @aCN@b110000 | |
| 105 | @ay z 000yy | |
| 200 | 10 | @a当代西方哲学思潮@Adang dai xi fang zhe xue si chao@f韩毅著@FHan Yi Zhu |
| 210 | @a北京@c海军出版社@d1988.3 | |
| 215 | @a272页@d19cm | |
| 606 | 0 | @a哲学@x欧洲@z现代 |
| 690 | @aB505@v3 | |
| 701 | 0 | @a韩毅@4著 |
| 801 | 0 | @aCN@bNLC@c19911017 |
| 905 | @dB505@e20@f1@b213599 | |
| 当代西方哲学思潮/韩毅著.-北京:海军出版社,1988.3 |
| 272页;19cm |
| ISBN 7-5070-0014-1:CNY2.20 |
| ● |
| 相关链接 |
|
|
|
|
正题名:当代西方哲学思潮
索取号:B505/20
 
预约/预借
| 序号 | 登录号 | 条形码 | 馆藏地/架位号 | 状态 | 备注 |
| 1 | 0213598 | 000517710 | 密集书库/ [索取号:B505/20] | 在馆 | |
| 2 | 0213599 | 002041588 | 第一样本阅览室/ [索取号:B505/20] | 在馆 |